000 00353nam a2200133Ia 4500
008 220216s9999 xx 000 0 und d
100 _aBloomfield G F
245 0 _aRecent developments in the Malaysian rubber industry
260 _bProceedings of the IRI
_c1959
300 _a160-169
650 _aMalaysia
650 _aRubber industry
942 _cJS
999 _c66461
_d66461